00512nam a2200169 a 450008200220000010000160002224500450003826000370008330000090012050000350012950500100016465000270017470000160020194200070021795201030022499900150032700a323.39710954bSAX aSaxena, V K aMuslims and the Indian National Congress aDelhibDiscovery Pub.Housec1985 a258p aincludes index and biblioraphy2 aIndex aMuslims-India-Politics1 aSaxena, V K cBK 00104070aHMIbHMId2007-04-10g175.00l0o323.39710954 SAXp012286r2007-04-10w2026-01-16yEB c8431d8431